El capitán Cook

Wedi'i Gadw mewn:
Manylion Llyfryddiaeth
Prif Awdur: Collingridge, Vanessa (Awdur)
Fformat: Llyfr
Iaith:Sbaeneg
Cyhoeddwyd: Barcelona Mr. Ediciones Martínez Roca 2003
Rhifyn:1a. ed
Pynciau:
Tagiau: Ychwanegu Tag
Dim Tagiau, Byddwch y cyntaf i dagio'r cofnod hwn!

MARC

LEADER 00000cam a2200000 a 4500
001 UCE8632
003 CL-VaPUC
008 150820e20030000sp |||||||||||||||||spa|d
020 |a 8227029187 
082 0 4 |a 910.45  |b COL  |2 21 
100 0 |a Collingridge, Vanessa  |e author  |9 581358 
245 1 3 |a El capitán Cook 
250 |a 1a. ed 
300 |a 562 p 
942 |c BK 
945 |d 20150820 22:36:00  |a gsalatino 
260 |a Barcelona  |b Mr. Ediciones Martínez Roca  |c 2003 
650 0 |a Viajes  |x Historia  |9 324966 
650 0 |a Viajes por mar  |9 266636 
650 0 |a Viajes  |9 257115 
650 0 |a Historia universal  |9 266877 
583 |a last modification  |c 20150820 22:36:00  |k Rodrigo Vera 
999 |c 360427  |d 360425 
952 |0 0  |1 0  |3 erd  |4 0  |6 910_450000000000000_COL_2003  |7 0  |8 X  |9 470247  |a FDOBUD  |b FDOBUD  |i 5169860  |o 910.45 COL 2003  |p 5169860  |r 2019-11-23  |w 2019-11-23  |y BK_X  |z Catalogado en:20150820  |k BUD